| 000 | 00656nam a22002177a 4500 | ||
|---|---|---|---|
| 001 | 00028061 | ||
| 005 | 20260204092030.0 | ||
| 008 | 260204b ag ||||| |||| 00| 0 spa d | ||
| 020 | _a9789870704010 | ||
| 040 |
_aAR-CcCEOS _beng _cAR-CcCEOS |
||
| 041 | _aeng | ||
| 080 | _a820-3(73)=60=20 | ||
| 090 | _bHEN | ||
| 100 | 1 |
_aHenry, O., _d1862-1910 _9349 |
|
| 245 |
_aA Ramble in Aphasia= incursión en la amnesia : the caballero´s way= la venganza de Cisco Kid / _cO. Henry |
||
| 250 | _a1ª ed. | ||
| 260 |
_aBuenos Aires : _barte gráfico, _c2008. |
||
| 300 |
_a64 p. ; _c20x13 cm. |
||
| 490 | _vLibros bilingues clarin; 35 | ||
| 942 |
_2udc _cBK _n0 |
||
| 999 |
_c28074 _d28074 |
||